SSCP systems security certified practitioner : (رقم التسجيلة. 33398)
[ عرض عادي ]
| 000 -الفاتح | |
|---|---|
| حقل البيانات ثابتة الطول | 01359cam a22003374a 4500 |
| 001 - رقم الضبط | |
| رقم الضبط | 17080550 |
| 003 - محدد رقم الضبط | |
| رقم الضبط | OSt |
| 005 - وقت وتاريخ اخر تعامل مع التسجيلة | |
| رقم الضبط | 20150408114205.0 |
| 008 - عناصر البيانات ثابتة الطول - معلومات عامة | |
| حقل البيانات ثابتة الطول | 111212s2012 nyua 001 0 eng |
| 010 ## - رقم ضبط مكتبة الكونجرس | |
| رقم ضبط مكتبة الكونجرس | 2011044387 |
| 016 7# - رقم ضبط الوكاله الوطنية للضبط الببليوجرافي | |
| رقم ضبط التسجيلة | 015963953 |
| المصدر | Uk |
| 020 ## - الرقم الدولى المعيارى للكتب | |
| الرقم الدولى المعيارى للكتاب | 9780071771566 (alk. paper) |
| 020 ## - الرقم الدولى المعيارى للكتب | |
| الرقم الدولى المعيارى للكتاب | 0071771565 (alk. paper) |
| 035 ## - رقم ضبط النظام | |
| رقم ضبط النظام | (OCoLC)ocn721905218 |
| 040 ## - مصدر الفهرسة | |
| وكالة الفهرسة الأصلية | DLC |
| وكالة النسخ | DLC |
| وكالة التعديل | YDX |
| -- | BTCTA |
| -- | YDXCP |
| -- | UKMGB |
| -- | BWX |
| -- | BDX |
| -- | DLC |
| 042 ## - رمز التحقق | |
| رمز التحقق | pcc |
| 050 00 - رقم طلب مكتبة الكونجرس | |
| رقم التصنيف | TK5105.59 |
| رقم المادة | .G645 2012 |
| 082 00 - رقم تصنيف ديوى العشرى | |
| رقم التصنيف | 005.8 |
| رقم الطبعة | 23 |
| رقم المادة | GDS |
| 100 1# - المدخل الرئيسى - إسم شخصى | |
| الإسم الشخصى | Gibson, Darril. |
| 9 (RLIN) | 36313 |
| 245 10 - بيان العنوان | |
| العنوان | SSCP systems security certified practitioner : |
| بقية العنوان | exam guide : all in one / |
| بيان المسئوليه,etc | Darril Gibson. |
| 246 30 - العنوان الموازى | |
| عنوان صحيح/عنوان مختصر | Systems security certified practitioner |
| 260 ## - PUBLICATION, DISTRIBUTION, ETC. (IMPRINT) | |
| مكان الناشر او الموزع | New York : |
| اسم الناشر او الموزع | McGraw-Hill, |
| تاريخ النشر أو التوزيع | c2012. |
| 300 ## - الوصف المادى | |
| التعداد | xxii, 454 p. : |
| تفاصيل ماديه اخرى للوعاء | ill. ; |
| أبعاد الوعاء | 24 cm. + |
| المادة المصاحبة | CD-ROM (4 3/4 in.) |
| 500 ## - تبصرة عامة | |
| تبصرة عامة | Includes index. |
| 538 ## - تبصرة تفاصيل النظام | |
| تبصرة التفاصيل الفنية لملف الحاسب | System requirements: Windows 2000 or higher; Internet Explorer 6.0 or above; 20MB of hard disck space; The electronic book requires Adobe Acrobat reader. |
| 650 #0 - المدخل الاضافى بالموضوع-مصطلح موضوعى | |
| مصطلح موضوعي أو اسم جغرافي كعنصر مدخل | Computer networks |
| التقسيم الفرعي العام | Security measures |
| -- | Examinations |
| التقسيم الفرعي الشكلي | Study guides. |
| 9 (RLIN) | 8452 |
| 650 #0 - المدخل الاضافى بالموضوع-مصطلح موضوعى | |
| مصطلح موضوعي أو اسم جغرافي كعنصر مدخل | Telecommunications engineers |
| التقسيم الفرعي العام | Certification. |
| 9 (RLIN) | 5966 |
| 906 ## - عنصر بيانات محلى F, LDF (RLIN) | |
| a | 7 |
| b | cbc |
| c | orignew |
| d | 1 |
| e | ecip |
| f | 20 |
| g | y-gencatlg |
| 942 ## - عناصر المدخل الإضافي( كوها) | |
| مصدر التصنيف او مخطط الترفيف | Dewey Decimal Classification |
| Koha [default] item type | DVD |
| حالة الفقد | نموذج السعر الفعال | حالة تلف | ليس للاعارة | رقم الطلب | تاريخ الاكتساب | الموقع الحالي | الفرع الرئيسي | Date last seen | نوع المادة فى نظام كوها | مصدر التصنيف او خطة الترفيف | Total Checkouts |
|---|---|---|---|---|---|---|---|---|---|---|---|
| 2014-01-27 | 005.8 GDS | 2014-01-27 | المكتبة المركزية بالمجمعة (CL) | المكتبة المركزية بالمجمعة (CL) | 2014-01-27 | كتاب | Dewey Decimal Classification |
